[Event "Mecklenburg VP LL2 Ost 1516"]
[Site "Mecklenburg VP"]
[Date "2016.04.24"]
[Round "9.6"]
[White "Rath, Wolfgang"]
[Black "Behrens, Christoph"]
[Result "1-0"]
[WhiteElo "1620"]
[BlackElo "1652"]
[PlyCount "47"]
[EventDate "2015.09.20"]
[EventType "team-tourn"]
[EventRounds "9"]
[EventCountry "GER"]
[SourceTitle "EXT 2022"]
[Source "ChessBase"]
[SourceDate "2021.10.06"]
[SourceVersion "1"]
[SourceVersionDate "2021.10.06"]
[SourceQuality "1"]
[WhiteTeam "Graal Mueritz"]
[BlackTeam "Bergen Rugia"]
[WhiteTeamCountry "GER"]
[BlackTeamCountry "GER"]

1. e4 e5 2. Nc3 Nc6 3. f4 exf4 4. Nf3 d6 5. d4 Nf6 6. Bxf4 Bg4 7. Qd3 a6 8. a3 Nh5 9. Be3 Qf6 10. Nd5 Qd8 11. 0-0-0 Nf6 12. Nc3 Be7 13. Be2 0-0 14. h3 Bxf3 15. gxf3 Nd7 16. Rhg1 Bf6 17. f4 Re8 18. e5 dxe5 19. fxe5 Ndxe5 20. dxe5 Qxd3 21. Bxd3 Bxe5 22. Ne4 Rad8 23. Bg5 Rd5 24. Bf6 1-0

[Event "Mecklenburg VP LL2 West 0910"]
[Site "Mecklenburg VP"]
[Date "2010.04.11"]
[Round "9.7"]
[White "Moeller, Peter"]
[Black "Rath, Wolfgang"]
[Result "1/2-1/2"]
[WhiteElo "1881"]
[BlackElo "1731"]
[PlyCount "57"]
[EventDate "2009.10.18"]
[EventType "team-tourn"]
[EventRounds "9"]
[EventCountry "GER"]
[SourceTitle "EXT 2016"]
[Source "ChessBase"]
[SourceDate "2015.10.08"]
[SourceVersion "1"]
[SourceVersionDate "2015.10.08"]
[SourceQuality "1"]
[WhiteTeam "Wismar ASV Gruen-Weiss II"]
[BlackTeam "Neukloster IV"]
[WhiteTeamCountry "GER"]
[BlackTeamCountry "GER"]

1. d4 Nf6 2. Nf3 g6 3. b3 Bg7 4. Bb2 0-0 5. g3 d6 6. Nc3 Bg4 7. Bg2 c6 8. 0-0 Qd7 9. Re1 Re8 10. Qc1 Na6 11. e4 Bxf3 12. Bxf3 e5 13. d5 c5 14. Be2 Nc7 15. a4 a6 16. f3 b5 17. a5 Kh8 18. Kg2 Ra7 19. Qd1 Bh6 20. Bc1 Bxc1 21. Qxc1 Kg7 22. h4 h5 23. Qg5 Nh7 24. Qd2 Nf6 25. Rh1 Rh8 26. Bf1 Nh7 27. Kf2 Rf8 28. Bh3 Qe7 29. Rag1 1/2-1/2

[Event "Mecklenburg VP-ch MT"]
[Site "Nakenstorf"]
[Date "2003.04.19"]
[Round "8.10"]
[White "Dittrich, Carsten"]
[Black "Rath, Wolfgang"]
[Result "1-0"]
[WhiteElo "1900"]
[BlackElo "1749"]
[PlyCount "31"]
[EventDate "2003.04.16"]
[EventType "swiss"]
[EventRounds "9"]
[EventCountry "GER"]
[SourceTitle "EXT 2022"]
[Source "ChessBase"]
[SourceDate "2021.10.06"]
[SourceVersion "1"]
[SourceVersionDate "2021.10.06"]
[SourceQuality "1"]

1. d4 Nf6 2. Nc3 c5 3. d5 d6 4. e4 a6 5. a4 g6 6. Be2 Bg7 7. h3 0-0 8. Nf3 Qc7 9. 0-0 Ne8 10. Bc4 Kh8 11. Re1 f5 12. Qe2 Ra7 13. exf5 Bxf5 14. g4 Bxc2 15. Ng5 Bd4 16. Rf1 1-0

[Event "Mecklenburg VP-ch MT"]
[Site "Nakenstorf"]
[Date "2003.04.17"]
[Round "3.11"]
[White "Voelschow, Andreas"]
[Black "Rath, Wolfgang"]
[Result "1-0"]
[WhiteElo "1840"]
[BlackElo "1749"]
[PlyCount "68"]
[EventDate "2003.04.16"]
[EventType "swiss"]
[EventRounds "9"]
[EventCountry "GER"]
[SourceTitle "EXT 2022"]
[Source "ChessBase"]
[SourceDate "2021.10.06"]
[SourceVersion "1"]
[SourceVersionDate "2021.10.06"]
[SourceQuality "1"]

1. c4 Nf6 2. Nc3 g6 3. e4 d6 4. d4 Bg7 5. f4 0-0 6. Nf3 Bg4 7. Be2 Nbd7 8. e5 Ne8 9. 0-0 Rb8 10. Be3 c5 11. exd6 Bxf3 12. Bxf3 Nxd6 13. dxc5 Nxc4 14. Bf2 Nxb2 15. Qc2 Nc4 16. Rad1 Na3 17. Qa4 Bxc3 18. Qxa3 Bf6 19. c6 bxc6 20. Bxc6 Qc7 21. Bxd7 Rfd8 22. Bh3 Qxf4 23. Rxd8+ Rxd8 24. Qxa7 Be5 25. g3 Qb4 26. Qb6 Rb8 27. Qxb4 Rxb4 28. Re1 Bd6 29. Bf1 Ra4 30. Re2 Ba3 31. Rc2 Kg7 32. Bc4 h5 33. Bb3 Re4 34. Kg2 Re5 1-0

[Event "Mecklenburg VP-ch MT"]
[Site "Nakenstorf"]
[Date "2003.04.16"]
[Round "1.12"]
[White "Rath, Wolfgang"]
[Black "Neumann, Frank"]
[Result "0-1"]
[WhiteElo "1749"]
[BlackElo "2089"]
[PlyCount "48"]
[EventDate "2003.04.16"]
[EventType "swiss"]
[EventRounds "9"]
[EventCountry "GER"]
[SourceTitle "EXT 2022"]
[Source "ChessBase"]
[SourceDate "2021.10.06"]
[SourceVersion "1"]
[SourceVersionDate "2021.10.06"]
[SourceQuality "1"]

1. e4 c5 2. Nf3 e6 3. d4 cxd4 4. c3 dxc3 5. Nxc3 Nc6 6. Bc4 Qc7 7. Qe2 Nf6 8. e5 Ng4 9. Bf4 f6 10. 0-0 Ngxe5 11. Nb5 Qb8 12. Rad1 a6 13. Nbd4 Nxd4 14. Rxd4 Bd6 15. Rfd1 Nxf3+ 16. Qxf3 Bxf4 17. Bxe6 Bxh2+ 18. Kh1 Be5 19. Rxd7 Bxd7 20. Rxd7 Qc8 21. Qh5+ g6 22. Qh6 Qxd7 23. Bxd7+ Kxd7 24. Qh3+ Ke7 0-1

[Event "Mecklenburg VP-ch HT"]
[Site "Nakenstorf"]
[Date "1999.04.03"]
[Round "8.12"]
[White "Wulff, Jens Peter"]
[Black "Rath, Wolfgang"]
[Result "0-1"]
[WhiteElo "1718"]
[BlackElo "1604"]
[PlyCount "86"]
[EventDate "1999.03.31"]
[EventType "swiss"]
[EventRounds "9"]
[EventCountry "GER"]
[SourceTitle "EXT 2022"]
[Source "ChessBase"]
[SourceDate "2021.10.06"]
[SourceVersion "1"]
[SourceVersionDate "2021.10.06"]
[SourceQuality "1"]

1. e4 e6 2. c4 c5 3. Nc3 Nc6 4. f4 Be7 5. Nf3 d6 6. Bd3 Bh4+ 7. g3 Be7 8. Qe2 Nb4 9. Bb1 Bd7 10. a3 Nc6 11. Qf2 Rc8 12. 0-0 Na5 13. b4 Nxc4 14. bxc5 Rxc5 15. d3 Na5 16. Bb2 b5 17. d4 Rc7 18. e5 Nc4 19. Bc1 Qc8 20. f5 exf5 21. Nd5 Rb7 22. Bg5 Bxg5 23. Nxg5 g6 24. Re1 dxe5 25. dxe5 Be6 26. Nxe6 fxe6 27. Nf6+ Nxf6 28. exf6 Kf7 29. Ba2 Qd8 30. Bxc4 bxc4 31. Rab1 Rxb1 32. Rxb1 Qc7 33. Qd4 Rd8 34. Qh4 h5 35. a4 c3 36. Rc1 c2 37. Kg2 Rd1 38. Qg5 Qc6+ 39. Kh3 Qxa4 40. Qh6 Qg4+ 41. Kg2 Qe2+ 42. Kh3 Qf1+ 43. Kh4 Rd4+ 0-1